Management : Tasks, responsibilities, practices

Bibliographic Details
Main Author: Drucker, Peter F.
Format: Book
Published: Oxford : Butterworth - Heinemann Ltd. , 1974
Subjects:

MARC

LEADER 00000cam a2200000 7i4500
001 0000006304
005 20050506.0
020 |a 075060445X 
040 |a INS 
090 0 0 |a HD31.   |b D77 1974 
100 1 |a Drucker, Peter F. 
245 1 0 |a Management :   |b Tasks, responsibilities, practices   |c Peter F. Drucker 
260 |a Oxford :   |b Butterworth - Heinemann Ltd. ,   |c 1974 
300 |a 575p. ;   |c 23.5. 
650 0 0 |a Management 
999 |a 0000005325   |b BOOK   |c Open Shelf   |e Default branch